00535nam a22001697a 4500082002600000100002500026245003700051250001100088260004800099300001700147526003700164650001300201700002500214942001200239999001900251952009500270 a516.3bLOVcL-25, P-2 aLove, Clyde E939393 aAnalytic GeometrycLove, Clyde E a3rd ed aToronto CanadabThe Macmillan companyc1938 axiv, 279 p,: a0b0c0d516_300000000000000_LOV aMCE9379 aLove, Clyde E939393 2ddccBK c543891d543891 00102ddc4070aMCEbMCEd2014-04-07l0o516.3 LOVpMCE-33146r2014-04-07w2014-04-07yBK